| 000 | 00751nam a22002177a 4500 | ||
|---|---|---|---|
| 999 |
_c17099 _d17099 |
||
| 003 | AR-CdUCM | ||
| 008 | 190507b ||||| |||| 00| 0 spa d | ||
| 040 |
_aMUNICIPALIDAD PROVINCIAL DEL CUSCO _cBIBLIOTECA MUNICIPAL DEL CUSCO |
||
| 082 |
_a157 / _bW34 |
||
| 100 |
_aWatson, John _936936 |
||
| 245 |
_aTeorías del placer : _bsu significado y su historia desde Aristipo hasta Spencer / |
||
| 260 |
_aBuenos Aires : _bPaidos, _c1966. |
||
| 300 |
_a222 páginas ; _c18 cm. |
||
| 505 | _aLa influencia de los sofistas en el pensamiento griego -- Aristipo el cirinese -- Epicuro -- Gobbes... | ||
| 650 |
_aPlacer. _936937 |
||
| 650 |
_aEpicuro. _936938 |
||
| 650 |
_aHobbes. _936939 |
||
| 650 |
_aLocke. _936940 |
||
| 942 |
_2ddc _cLIBROS |
||
| 945 | _awfj | ||